|
|
|
|
| LEADER |
01704nam a2200373 i 4500 |
| 001 |
35109 |
| 003 |
BD-DhAAL |
| 005 |
20211118110827.0 |
| 008 |
190807t2016 enk b 001 0 eng d |
| 999 |
|
|
|c 40829
|d 40829
|
| 010 |
|
|
|a 2015047043
|
| 020 |
|
|
|a 9780415810890 (pbk. : alk. paper)
|
| 020 |
|
|
|a 9780415810883 (hardback : alk. paper)
|
| 020 |
|
|
|z 9781315697499 (ebook)
|
| 040 |
|
|
|a DLC
|b eng
|c DLC
|e rda
|d DLC
|d BD-DhAAL
|
| 042 |
|
|
|a pcc
|
| 050 |
0 |
0 |
|a NA2750
|b .D38 2016
|
| 082 |
0 |
0 |
|a 729
|2 23
|
| 100 |
1 |
|
|a Dernie, David
|9 33413
|
| 245 |
1 |
0 |
|a Material imagination in architecture /
|c David Dernie and Jacopo Gaspari.
|
| 260 |
|
|
|a London ;
|a New York :
|b Routledge, Taylor & Francis Group.
|c c2016.
|
| 300 |
|
|
|a xv, 294 pages ;
|c 26 cm.
|
| 504 |
|
|
|a Includes bibliographical references (pages 281-288) and index.
|
| 505 |
0 |
|
|a Constructional thinking -- Material dreams -- Crystal utopias -- Making surfaces -- The matter of climate change: materials and adaptive innovation.
|
| 526 |
|
|
|a ARC
|
| 541 |
|
|
|a Trim Education
|e 35109, 35110
|
| 650 |
|
0 |
|a Architectural design.
|9 33414
|
| 650 |
|
0 |
|a Building materials.
|9 33415
|
| 650 |
|
0 |
|a Architecture.
|9 42781
|
| 700 |
1 |
|
|a Gaspari, Jacopo
|9 33416
|
| 852 |
|
|
|a Ayesha Abed Library
|c General Stacks
|
| 942 |
|
|
|2 ddc
|c BK
|
| 952 |
|
|
|0 0
|1 0
|2 ddc
|4 0
|6 729_000000000000000_DER
|7 0
|9 65966
|a BRACUL
|b BRACUL
|c GEN
|d 2019-07-28
|e Trim Education
|g 2795.00
|l 0
|o 729 DER
|p 3010035110
|r 2019-07-28
|t 2
|v 2795.00
|w 2019-07-28
|y BK
|x Transferred from ARC to BRACUL on 28/12/2023
|
| 952 |
|
|
|0 0
|1 0
|2 ddc
|4 0
|6 729_000000000000000_DER
|7 0
|9 65967
|a BRACUL
|b BRACUL
|c GEN
|d 2019-07-28
|e Trim Education
|g 2795.00
|l 2
|m 9
|o 729 DER
|p 3010035109
|r 2026-02-18
|s 2025-12-17
|t 1
|v 2795.00
|w 2019-07-28
|y BK
|